Southville International School and Colleges
Your cart is empty.
  • Cart
  • Lists
    Public lists Eva Luna New books Lux_list list_1
    Your lists Log in to create your own lists
  • Log in to your account
  • Your cookies
  • Search history
Southville International School and Colleges
  • Advanced search
  • Recent comments
  • Most popular
  • Libraries

Log in to your account

Log in with GOOGLE


If you do not have an external account, but do have a local account, you can still log in:

  1. Home
  2. MARC view: Allies of the night /
Normal view MARC view ISBD view

Allies of the night / (Record no. 10993)

[ view plain ]
MARC details
000 -LEADER
fixed length control field 01297cam a2200361 a 4500
001 - CONTROL NUMBER
control field 13480961
003 - CONTROL NUMBER IDENTIFIER
control field OSt
005 - DATE AND TIME OF LATEST TRANSACTION
control field 20140310182235.0
008 - FIXED-LENGTH DATA ELEMENTS--GENERAL INFORMATION
fixed length control field 040205r20042002nyu c 000 1 eng
010 ## - LIBRARY OF CONGRESS CONTROL NUMBER
LC control number 2004044151
020 ## - INTERNATIONAL STANDARD BOOK NUMBER
International Standard Book Number 0316155705
040 ## - CATALOGING SOURCE
Original cataloging agency DLC
Transcribing agency DLC
Modifying agency DLC
042 ## - AUTHENTICATION CODE
Authentication code lcac
050 00 - LIBRARY OF CONGRESS CALL NUMBER
Classification number PZ 7
Item number .Sh52823 2006
082 00 - DEWEY DECIMAL CLASSIFICATION NUMBER
Classification number FIC
Item number Sh1c #8
100 1# - MAIN ENTRY--PERSONAL NAME
Personal name Shan, Darren.
9 (RLIN) 17437
245 10 - TITLE STATEMENT
Title Allies of the night /
Statement of responsibility, etc Darren Shan.
246 1# - VARYING FORM OF TITLE
Display text At head of title:
Title proper/short title Cirque Du Freak
250 ## - EDITION STATEMENT
Edition statement 1st U.S. ed.
260 ## - PUBLICATION, DISTRIBUTION, ETC. (IMPRINT)
Place of publication, distribution, etc New York :
Name of publisher, distributor, etc Little, Brown,
Date of publication, distribution, etc c2006.
300 ## - PHYSICAL DESCRIPTION
Extent 215 p. :
Dimensions 18 cm.
490 1# - SERIES STATEMENT
Series statement The saga of Darren Shan ;
Volume number/sequential designation bk. 8
650 #1 - SUBJECT ADDED ENTRY--TOPICAL TERM
Topical term or geographic name as entry element Vampires
Form subdivision Fiction.
9 (RLIN) 18545
650 #1 - SUBJECT ADDED ENTRY--TOPICAL TERM
Topical term or geographic name as entry element Schools
Form subdivision Fiction.
9 (RLIN) 18546
650 #1 - SUBJECT ADDED ENTRY--TOPICAL TERM
Topical term or geographic name as entry element Horror stories.
9 (RLIN) 3825
800 1# - SERIES ADDED ENTRY--PERSONAL NAME
Personal name Shan, Darren.
Title of a work Saga of Darren Shan ;
Volume/sequential designation bk. 8.
9 (RLIN) 18547
856 42 - ELECTRONIC LOCATION AND ACCESS
Materials specified Contributor biographical information
Uniform Resource Identifier <a href="http://www.loc.gov/catdir/enhancements/fy0742/2004044151-b.html">http://www.loc.gov/catdir/enhancements/fy0742/2004044151-b.html</a>
856 42 - ELECTRONIC LOCATION AND ACCESS
Materials specified Publisher description
Uniform Resource Identifier <a href="http://www.loc.gov/catdir/enhancements/fy0904/2004044151-d.html">http://www.loc.gov/catdir/enhancements/fy0904/2004044151-d.html</a>
906 ## - LOCAL DATA ELEMENT F, LDF (RLIN)
a 7
b cbc
c orignew
d 1
e ocip
f 20
g y-gencatlg
942 ## - ADDED ENTRY ELEMENTS (KOHA)
Source of classification or shelving scheme Library of Congress Classification
Koha item type
Holdings
Withdrawn status Lost status Source of classification or shelving scheme Damaged status Home library Current library Shelving location Date acquired Total Checkouts Full call number Barcode Date last seen Copy number Price effective from Koha item type
    Library of Congress Classification   Luxembourg Library Luxembourg Library Fiction Section 09/12/2013   PZ 7 .Sh52823Al 2006 18099 02/16/2015 1 09/12/2013 Books

Allies of the night /

APA

Shan D., . (2006). Allies of the night. New York: Little, Brown.

Chicago

Shan Darren, . 2006. Allies of the night. New York: Little, Brown.

Harvard

Shan D., . (2006). Allies of the night. New York: Little, Brown.

MLA

Shan Darren, . Allies of the night. New York: Little, Brown. 2006.

  • Place hold
  • Print
  • Cite
  • Add to your cart (remove)
  • Save record
    BIBTEX Dublin Core MARCXML MARC (non-Unicode/MARC-8) MARC (Unicode/UTF-8) MARC (Unicode/UTF-8, Standard) MODS (XML) RIS
  • More searches
    Search for this title in:
    Other Libraries (WorldCat) Other Databases (Google Scholar) Online Stores (Bookfinder.com) Open Library (openlibrary.org)

Exporting to Dublin Core...

SOUTHVILLE LIBRARY

Southville International School and Colleges Library

1281 Tropical Ave. Cor. Luxembourg St., BF Homes International, Las Pinas City

Tel. No. 8256374 / 252358 Loc. 117/146

Powered by Koha